Normal view
MARC view
- Electrical engineering
Entry Topical Term
001 - CONTROL NUMBER
- control field: 55701
003 - CONTROL NUMBER IDENTIFIER
- control field: NUST
005 - DATE AND TIME OF LATEST TRANSACTION
- control field: 20210628201532.0
008 - FIXED-LENGTH DATA ELEMENTS
- fixed length control field: 210628|| aca||aabn | a|a d
040 ## - CATALOGING SOURCE
- Original cataloging agency: NUST
- Transcribing agency: NUST
150 ## - HEADING--TOPICAL TERM
- Topical term or geographic name entry element: Electrical engineering
- General subdivision: Mathematics
670 ## - SOURCE DATA FOUND
- Source citation: Work cat.: (NUST): Zarowski, Christopher J. 55700, An introduction to numerical analysis for electrical and computer engineers /, c2004.
